20ª Semana de Cine Experimental de Madrid (Record no. 177386)

MARC details
000 -LEADER
campo de control de longitud fija 01102nam a2200253 i 4500
001 - NÚMERO DE CONTROL
campo de control 177386
003 - IDENTIFICADOR DE NÚMERO DE CONTROL
campo de control ES-MaACL
005 - FECHA Y HORA DE LA ÚLTIMA TRANSACCIÓN
campo de control 20250814085652.0
007 - CAMPO FIJO DE DESCRIPCIÓN FÍSICA--INFORMACIÓN GENERAL
campo de control de longitud fija t|
008 - DATOS DE LONGITUD FIJA--INFORMACIÓN GENERAL
campo de control de longitud fija 110321s2010 sp a ||||1| spa d
080 ## - NÚMERO DE LA CLASIFICACIÓN DECIMAL UNIVERSAL
Número de la Clasificación Decimal Universal 791.43(083.97)
111 2# - ENTRADA PRINCIPAL--NOMBRE DE CONGRESO/REUNIÓN
Nombre de congreso/reunión o jurisdicción como elemento de entrada Semana de Cine Experimental de Madrid (
Número del congreso/reunión o número de parte o sección 20ª.
Fecha del congreso o de la firma del tratado 2010)
9 (RLIN) 145740
245 10 - MENCIÓN DEL TÍTULO
Título 20ª Semana de Cine Experimental de Madrid
Resto del título : 19 a 26 de noviembre de 2010 : Cines Golem, Sala Berlanga, Pequeño Cinestudio.
260 ## - PUBLICACIÓN, DISTRIBUCIÓN, ETC.
Lugar de publicación, distribución, etc. Madrid :
Nombre del editor, distribuidor, etc. Instituto de la Cinematografía y de las Artes Audiovisuales,
Fecha de publicación, distribución, etc. [2010]
300 ## - DESCRIPCIÓN FÍSICA
Extensión 169 p. :
Otras características físicas il. col. y n. ;
Dimensiones 30 cm.
500 ## - NOTA GENERAL
Nota general En esta ed. del Festival ha colaborado, entre otras entidades, el Ateneo de Madrid.
610 24 - PUNTO DE ACCESO ADICIONAL DE MATERIA--NOMBRE DE ENTIDAD CORPORATIVA
Nombre de entidad corporativa o nombre de jurisdicción como elemento de entrada Ateneo de Madrid-
Subdivisión general Proyecciones cinematográficas.
9 (RLIN) 1933
650 17 - PUNTO DE ACCESO ADICIONAL DE MATERIA--TÉRMINO DE MATERIA
Término de materia o nombre geográfico como elemento de entrada Cine experimental
Fuente del encabezamiento o término embne
9 (RLIN) 143909
710 2# - ENTRADA AGREGADA--NOMBRE DE ENTIDAD CORPORATIVA
Nombre de entidad corporativa o nombre de jurisdicción como elemento de entrada Instituto de la Cinematografía y de las Artes Audiovisuales
9 (RLIN) 4978
852 4# - LOCALIZACIÓN
Ubicación ES-MaACL
Número de control de estantería 2276-F-13
Ubicación en estantería Depósito folletos
856 4# - LOCALIZACIÓN Y ACCESO ELECTRÓNICOS
Identificador Uniforme de Recursos <a href="http://www.semanacineexperimentalmadrid.com/10/secciones/portada.php">http://www.semanacineexperimentalmadrid.com/10/secciones/portada.php</a>
Nota pública Documento
942 ## - ELEMENTOS DE ENTRADA SECUNDARIOS (KOHA)
Fuente del sistema de clasificación o colocación Clasificación decimal universal
Holdings
Estatus retirado Estado de pérdida Estado de daño No para préstamo Colección Biblioteca de origen Biblioteca actual Ubicación en estantería Fecha de adquisición Fuente de adquisición Total de préstamos Signatura topográfica completa Código de barras Visto por última vez Precio de reemplazo Tipo de ítem Koha
        Colección de folletos Biblioteca del Ateneo de Madrid Biblioteca del Ateneo de Madrid Depósito folletos 21/03/2011     2276-F-13 1186309 23/02/2023 23/02/2023 Folleto